00914cam a22002891 4500001001300000003000400013005001700017008004100034010001700075025001900092035001900111040003700130041001100167042001200178050002100190051003700211051003700248051003700285082001200322100002800334245005900362260003100421300003200452500005600484650004400540740004000584he 66001229 DLC20260227111440.0810127s1965 is d 000 0 hebr  ahe 66001229  aPL480: Is-2973 a(OCoLC)7084921 aDLCcTxCMdTxCMdTNJdOCoLCdDLC0 ahebeng apremarc00aPJ4833b.A4 1965 aPJ4833b.A4 1965 Copy 3cCopy 3. aPJ4833b.A4 1965 Copy 4cCopy 4. aPJ4833b.A4 1965 Copy 5cCopy 5. a492.4321 aAlcalay, Reuben,d1907-10aMilon angli-ʻivri shalem,cmeʼet Reʼuben Alkalaʻi. aTel-aviv,bMasadahc[1965] a2 v. (4270 columns)c25 cm. aAdded t.p.: The complete English-Hebrew dictionary. 0aEnglish languagexDictionariesxHebrew.0 aComplete English-Hebrew dictionary.